[Event "Gideon Japhet ACP Open 2018"]
[Site "Jerusalem"]
[Date "2018.07.02"]
[Round "3"]
[White "Birnboim, Nathan"]
[Black "Yuffa, Daniil"]
[Result "1-0"]
[WhiteElo "2353"]
[BlackElo "2577"]
[Annotator "TA"]
[PlyCount "147"]
[EventDate "2018.07.01"]
[EventType "swiss"]
[EventCountry "ISR"]
[SourceTitle "playchess.com"]
[Source "ChessBase"]
[SourceQuality "1"]

{[%evp 34,147,0,0,65,54,67,69,96,94,121,125,120,49,133,8,135,38,165,41,148,0,157,0,130,0,166,156,136,134,141,86,102,67,82,0,0,-2,0,-169,-198,-192,-166,-278,-264,-260,-256,-266,-220,-242,-142,-131,-120,-247,-113,-85,-108,-201,-194,-361,10,10,8,8,389,210,186,222,195,181,1787,1801,1171,1257,6070,6070,29988,465,464,488,585,496,687,653,878,723,724,689,1087,1084,1035,962,1395,1235,1022,920,946,901,1572,1476,2044,1806,3427,2990,3603,3361,3043,3088,29983,29984,29987,29988,29988,29989,29990,29991]} 1. d4 Nf6 2. c4 e6 3. g3 c5 4. d5 exd5 5. cxd5 d6 6. Bg2 g6 7. Nf3 Bg7 8. Nc3 O-O 9. O-O Re8 10. Nd2 a6 11. a4 Nbd7 12. a5 b5 13. axb6 Nxb6 14. Nb3 Nc4 15. Ra4 {A64: Modern Benoni: Fianchetto Variation: 9...Nbd7 10 Nd2 a6 11 a4 Re8} Nb6 16. Ra2 Nc4 17. Ra4 Nb6 18. Ra2 {LiveBook: 31 Games} Bd7 (18... Nc4 $11) 19. Na5 $14 Qc7 $146 ({Predecessor:} 19... Bb5 20. Qc2 Nfd7 21. Bf4 Ne5 22. Rfa1 Qc7 23. h4 h5 24. Qb3 Bc4 25. Nxc4 Nbxc4 {0-1 (48) Puschendorf,S (2163)-Cioara,A (2403) Jena 2005}) 20. Qc2 Re5 {[%cal Rf6d5]} 21. Rd1 Rae8 {With the idea ...Bf5.} 22. Bf4 Rh5 23. Nc6 (23. e4 $16) 23... g5 (23... Nfxd5 $14 24. Nxd5 Nxd5 25. Bxd5 Bxc6 26. Bxc6 Qxc6) 24. Bc1 ({White should play} 24. Rxa6 $16 gxf4 25. Nb5) 24... Qc8 (24... Nfxd5 $11 {remains equal.} 25. Rxd5 Bxc6 26. Rxg5 Rxg5 27. Bxg5 Bxg2 28. Kxg2 Qc6+ 29. Kg1 Nd5) 25. Qb3 (25. e4 $16) 25... Bh3 (25... Nbxd5 $1 $14 26. Na7 Nxc3 $3 {[%mdl 512]} 27. Nxc8 Nxe2+ 28. Kf1 Bb5 29. Qxb5 axb5 30. Nxd6 Nxc1 31. Rxc1 Rd8) 26. Bf3 (26. Qxb6 $2 Bxg2 27. Ne7+ Rxe7 $19) (26. Bh1 $1 $18 Na8 27. e4) 26... Bg4 $1 {[%cal Rg4f3]} 27. Bg2 (27. Qxb6 Bxf3 28. h4 (28. exf3 Qh3 $17) 28... Rxe2 $19) 27... Bh3 $1 {[%cal Rh3g2]} 28. Bf3 (28. Qxb6 $2 Bxg2 29. e4 Qh3 $19) 28... Bg4 $1 {[%cal Rg4f3]} 29. Bg2 (29. Qxb6 Bxf3 30. exf3 Qh3 $19) ({White has to play} 29. Bh1 $1 $16 Qb7 30. f3) 29... Na8 $2 (29... Bh3 $1 $11 30. Bh1 (30. Qxb6 $2 Bxg2 31. e4 Qh3 $19) 30... Na8) 30. Qc4 $1 $18 Nc7 31. f3 Bd7 32. g4 (32. e4 $142 $1) 32... Rh6 $16 {aiming for ...Nfxd5!} 33. Bxg5 (33. e4 {feels hotter.} Rg6 34. b4 cxb4 35. Nxb4 h5 36. h3) 33... Rg6 34. h4 (34. Bxf6 $1 $16 Bxf6 35. e4) 34... Nfxd5 $11 {White must now prevent ...Rxg5.} 35. Nxd5 Nxd5 36. Rxd5 $2 (36. Na7 $1 $11 Qa8 37. Rxd5 Qxa7 38. h5 (38. Rxa6 Qb8 $15)) 36... Bxc6 $19 37. Rf5 Bd7 $1 {[%cal Rd7f5]} 38. e4 (38. Qd3 $142) 38... Bd4+ 39. Kh1 Bxf5 40. gxf5 {[#]} d5 $1 {[%cal Rd5c4]} 41. Qxd5 {[#]} Rb6 (41... Rxg5 $1 $19 {[%mdl 512]} 42. hxg5 Qc7) 42. Bf1 $17 h6 (42... Bxb2 $6 43. Kg2 $15) 43. Bc4 (43. Bf4 $17) 43... Qc7 (43... Rb7 $1 $19 {and Black stays clearly on top.} 44. Bxa6 Qc7) 44. Bf4 Qe7 45. b3 (45. b4 $17 {keeps fighting.}) 45... Rd8 $1 $19 {[%cal Rd8d5]} (45... Qxh4+ 46. Kg2 $17) 46. Rg2+ $2 (46. Qxf7+ {was the only chance.} Qxf7 47. Bxf7+ Kxf7 48. Bc7) 46... Kf8 $2 (46... Bg7 $1 $19 47. Rxg7+ Kxg7 48. Qe5+ Qxe5 49. Bxe5+ f6) 47. f6 $1 $11 {[%cal Rf6e7]} Rxf6 48. Qh5 Rg6 $2 {[%mdl 8192]} (48... Rdd6 $1 $11 {and Black is okay.} 49. Qg4 (49. Bxd6 Qxd6 50. Qg4 Ke7 $11) 49... Rg6 50. Bxd6 Qxd6) 49. Rxg6 (49. e5 $142 Ke8 50. Bxf7+ $1 {[%mdl 512]} (50. Rxg6 fxg6 51. Qxg6+ Kd7 $18) 50... Qxf7 51. Rxg6) 49... fxg6 $18 50. Bxh6+ $40 {[%mdl 128] White has strong attack.} ({Resist} 50. Qxh6+ $6 Qg7 $16) 50... Bg7 51. Qxg6 Rd7 $2 (51... Qd7 52. Bd5 Qh3+ 53. Kg1 Rd7) 52. Qf5+ Ke8 53. Bg5 Rd1+ 54. Kg2 Qd7 {[#]} 55. Qxd7+ (55. Bf7+ $142 $1 {[%mdl 512]} Kf8 (55... Qxf7 56. Qc8+) 56. Be6+ Ke8 57. Bxd7+ Rxd7 58. Qe6+ Kf8 59. Qxd7 Kg8 60. h5) 55... Kxd7 56. Bxa6 {[%mdl 4096] Endgame KRB-KB} Kd6 57. Bc4 Ke5 58. Bd5 Kd4 59. Kg3 Rh1 60. Kg4 Be5 61. f4 Bc7 62. h5 {[%cal Bh4h5,Bh5h6][%mdl 32]} Bd6 63. Bc6 Bf8 64. Bf6+ Ke3 65. e5 {[%cal Be4e5,Be5e6][%mdl 32]} Rf1 66. Bg5 Kd4 67. h6 Ra1 68. e6 {White wants to mate with Bf6+.} Ra7 69. Bd7 Ke4 70. f5 {[%cal Bf4f5,Bf5f6][%mdl 32]} Ra1 71. f6 {White mates.} Bxh6 72. Bxh6 Rg1+ 73. Kh5 Kf5 74. e7+ {Precision: White = 48%, Black = 29%.} 1-0

[Event "Gideon Japhet ACP Open 2018"]
[Site "Jerusalem"]
[Date "2018.07.02"]
[Round "3"]
[White "Zisman, Philip"]
[Black "Boruchovsky, Avital"]
[Result "1/2-1/2"]
[WhiteElo "2293"]
[BlackElo "2558"]
[Annotator "ChessBase"]
[PlyCount "102"]
[EventDate "2018.07.01"]
[EventType "swiss"]
[EventCountry "ISR"]
[SourceTitle "playchess.com"]
[Source "ChessBase"]
[SourceQuality "1"]
[TimeControl "40/5400+30:1800+30"]

1. d4 {[%emt 0:00:00]} Nf6 {[%emt 0:00:00]} 2. Bg5 {[%emt 0:00:00]} d5 {[%emt 0:00:00]} 3. Bxf6 {[%emt 0:00:00]} gxf6 {[%emt 0:00:02]} 4. e3 {[%emt 0:00:27]} c5 {[%emt 0:00:28]} 5. c3 {[%emt 0:03:30]} Nc6 {[%emt 0:00:42]} 6. g3 {[%emt 0:00:16]} e6 {[%emt 0:03:56]} 7. Bg2 {[%emt 0:00:10]} Qc7 {[%emt 0:00:42]} 8. Ne2 {[%emt 0:00:25]} b6 {[%emt 0:01:05]} 9. Nd2 {[%emt 0:02:55]} Bb7 {[%emt 0:00:41]} 10. Nf4 {[%emt 0:05:58]} O-O-O {[%emt 0:01:17]} 11. Qa4 {[%emt 0:03:28]} Kb8 {[%emt 0:06:46]} 12. O-O-O {[%emt 0:07:16]} h5 {[%emt 0:06:21]} 13. h4 {[%emt 0:00:35]} cxd4 {[%emt 0:02:32]} 14. exd4 {[%emt 0:00:04]} Nxd4 {[%emt 0:00:57]} 15. Qxd4 {[%emt 0:01:08]} e5 {[%emt 0:00:19]} 16. Qd3 {[%emt 0:17:36]} exf4 {[%emt 0:00:25]} 17. gxf4 {[%emt 0:02:32]} Qxf4 {[%emt 0:05:50]} 18. Qf3 {[%emt 0:04:55]} Qxf3 {[%emt 0:01:08]} 19. Bxf3 {[%emt 0:00:08]} Bc5 {[%emt 0:05:12]} 20. Rh2 {[%emt 0:05:14]} d4 {[%emt 0:00:42]} 21. Bxb7 {[%emt 0:00:07]} Kxb7 {[%emt 0:00:06]} 22. Ne4 {[%emt 0:01:53]} dxc3 {[%emt 0:02:31]} 23. bxc3 {[%emt 0:01:58]} Ba3+ {[%emt 0:06:24]} 24. Kc2 {[%emt 0:00:06]} Rxd1 {[%emt 0:00:05]} 25. Kxd1 {[%emt 0:00:02]} f5 {[%emt 0:00:07]} 26. Ng5 {[%emt 0:01:23]} f6 {[%emt 0:01:32]} 27. Ne6 {[%emt 0:00:55]} Rg8 {[%emt 0:03:05]} 28. Rh3 {[%emt 0:05:02]} Rg4 {[%emt 0:02:34]} 29. Kc2 {[%emt 0:02:31]} a5 {[%emt 0:05:34]} 30. Rf3 {[%emt 0:05:46]} Rxh4 {[%emt 0:04:36]} 31. Rxf5 {[%emt 0:00:17]} Rh1 {[%emt 0:00:21]} 32. Rxf6 {[%emt 0:00:30]} h4 {[%emt 0:00:39]} 33. Kb3 {[%emt 0:06:10]} Bd6 {[%emt 0:00:32]} 34. Ng5 {[%emt 0:03:00]} Bc7 {[%emt 0:04:15]} 35. Rf3 {[%emt 0:05:22]} Rb1+ {[%emt 0:02:20]} 36. Kc2 {[%emt 0:00:35]} Rg1 {[%emt 0:00:11]} 37. Ne6 {[%emt 0:00:27]} Bd6 {[%emt 0:00:39]} 38. Nd4 {[%emt 0:00:44]} Rh1 {[%emt 0:01:15]} 39. Rf7+ {[%emt 0:06:44]} Ka6 {[%emt 0:01:12]} 40. a4 {[%emt 0:07:19]} h3 {[%emt 0:00:26]} 41. Rd7 {[%emt 0:17:38]} Bf4 {[%emt 0:01:40]} 42. Ne2 {[%emt 0:09:46]} Bb8 {[%emt 0:02:09]} 43. Nd4 {[%emt 0:00:13]} Bf4 {[%emt 0:01:38]} 44. Ne2 {[%emt 0:00:07]} Bb8 {[%emt 0:02:42]} 45. Nd4 {[%emt 0:00:04]} b5 {[%emt 0:00:23]} 46. axb5+ {[%emt 0:00:08]} Kb6 {[%emt 0:00:06]} 47. Rh7 {[%emt 0:01:36]} h2 {[%emt 0:09:20]} 48. Rh6+ {[%emt 0:00:20]} Kb7 {[%emt 0:02:12]} 49. Rh7+ {[%emt 0:00:54]} Kb6 {[%emt 0:07:45]} 50. Rh6+ {[%emt 0:00:05]} Kb7 {[%emt 0:01:19]} 51. Rh7+ {[%emt 0:00:04]} Kb6 1/2-1/2

[Event "Gideon Japhet ACP Open 2018"]
[Site "Jerusalem"]
[Date "2018.07.02"]
[Round "3"]
[White "Lorscheid, Gerhard"]
[Black "Baron, Tal"]
[Result "0-1"]
[WhiteElo "2200"]
[BlackElo "2530"]
[Annotator "TA"]
[PlyCount "239"]
[EventDate "2018.07.01"]
[EventType "swiss"]
[EventCountry "ISR"]
[SourceTitle "playchess.com"]
[Source "ChessBase"]
[SourceQuality "1"]

{[%evp 16,239,-18,-12,-12,0,0,-10,-1,-14,-4,-4,0,-11,-5,-10,-14,-13,-23,-22,-5,-31,-1,-6,29,-6,0,-30,-18,-33,-25,-27,-17,-29,-25,-46,-52,-48,-50,-48,-41,-48,-44,-42,-47,-57,-50,-48,-46,-46,-52,-45,-48,-49,-33,-35,-26,-45,-45,-55,-52,-50,-45,-46,-13,-14,-11,-17,-1,-16,-10,-10,-14,-8,0,0,0,-2,0,-8,0,0,0,0,0,-4,0,0,0,-31,-8,-14,0,0,0,0,0,0,0,0,0,-4,0,0,0,0,0,0,0,0,0,-7,0,0,0,0,0,-4,0,0,0,-100,-3,-24,0,-6,0,-80,-87,-161,-125,-120,-70,-70,-70,-70,-70,-77,-11,-46,0,-70,-70,-70,-70,-129,-116,-245,-222,-429,-90,-82,-82,-166,-162,-165,-24,-31,-30,-31,-31,-114,-22,-22,-22,-22,-22,-102,-44,-110,-110,-110,-110,-110,-55,-110,-110,-110,-83,-155,-155,-155,-155,-155,-155,-155,-155,-155,-155,-159,-132,-170,-153,-169,-149,-154,0,-138,-130,-129,-129,-368,-365,-286,-358,-360,-232,-349,-345,-330,0,-312,-228,-232,-222,-221,-221,-218,-61,-130,-130,-132,-131,-253,-292,-745]} 1. d4 Nf6 2. c4 e6 3. Nf3 d5 4. e3 Be7 5. Nbd2 O-O 6. Bd3 c5 7. dxc5 {D30: Queen's Gambit Declined: Systems without Nc3} (7. cxd5 exd5 8. dxc5 Bxc5 9. O-O Bg4 10. Be2 Nc6 11. Nb3 Bb6 12. Nfd4 Bd7 13. a4 Re8 14. Bd2 Ne4 {½-½ (53) Papin,V (2562)-Efimenko,Z (2697) Loo 2013}) 7... Na6 8. O-O Nxc5 9. Be2 {LiveBook: 4 Games. The position is equal.} dxc4 10. Nxc4 Nd5 11. Bd2 b6 $146 ({Predecessor:} 11... Bd7 12. Qb1 Rc8 13. e4 Nf6 14. e5 {1-0 (32) Vishnu,P (2510)-Mendonca,L (2099) Dubai 2018}) 12. Qc2 Bb7 13. b4 Nd7 14. a3 Rc8 {Hoping for ...b5.} 15. Qb3 N5f6 {next ...Bd5 is good for Black.} 16. Rac1 Ne4 17. Rfd1 Bd5 18. Qb1 Nxd2 19. Nfxd2 Bc6 20. Nb2 Rc7 21. Bd3 Nf6 22. Nf3 Qb8 23. Nd4 Bb7 24. Nc4 Rd8 25. h3 g6 26. Nb5 Rcd7 27. Nc3 Bf8 28. Be2 Bg7 29. Rxd7 Nxd7 30. Nb5 Nf6 31. Rd1 Nd5 {And now ...a6 would win.} 32. Qb3 a6 33. Nd4 Qc7 34. Bf1 h5 35. b5 a5 36. Rd2 Nf6 37. Nc6 Rxd2 38. Nxd2 Nd7 39. Qc4 Ne5 40. Nxe5 Qxe5 41. Qd3 Bf8 42. Qd8 Qd6 43. Qxd6 Bxd6 $11 {[%mdl 4096] Endgame KBB-KBN} 44. a4 Bb4 45. Nc4 Bc5 46. Bd3 h4 47. Kf1 Kg7 48. Ne5 Bd6 49. Nc4 Bc7 50. f3 f5 51. Ke2 Kf6 52. Kd2 Kg5 53. Be2 e5 54. Bd3 Bd5 55. Ke1 Be6 56. Kd2 Bf7 57. Ke1 Kf6 58. Kd2 Ke6 59. Kc3 Be8 60. Bc2 Bd7 61. Bb3 Kf6 62. Kd3 Bc8 63. Ke2 Bb7 64. Nd2 Bd6 65. Nc4 Bc5 66. Bc2 Bd5 67. Nd2 Ke6 68. Kd3 (68. e4 $11 {remains equal.} Bb7 69. Bb3+ Kf6 70. Bd5) 68... Ke7 (68... e4+ $1 $17 69. fxe4 fxe4+ 70. Nxe4 Ke5 71. Nxc5 bxc5) 69. Bb3 Bb7 70. Ke2 Kf6 71. Bc4 (71. Bg8 $11) 71... Bb4 $17 72. Nb3 (72. Nf1 $17 {was worth a try.}) 72... Ke7 73. Bd3 Kd6 74. e4 $1 Ke6 75. Bc4+ Kf6 76. Kd3 Kg5 (76... Bc8 $17) 77. Nc1 $1 $11 Kf6 78. Ne2 (78. Nb3 $11) 78... Ke7 $15 79. Bg8 Bc8 80. Kc4 ({Better is} 80. Nc1 $15) 80... Kd6 81. Bf7 (81. Kd3 $17) 81... g5 $19 82. g4 $2 (82. Kd3 {might work better.}) 82... hxg3 $2 (82... fxg4 $19 {has better winning chances.} 83. fxg4 Bc5) 83. Nxg3 $17 Ke7 84. Bg8 (84. Bd5 $17 {keeps fighting.}) 84... Kf8 $19 85. Bd5 fxe4 ({Black should try} 85... g4 $1 $19 {White must now prevent ...f4.} 86. fxg4 fxg4 87. hxg4 Bxg4) 86. Nxe4 $11 Be7 87. Nf2 Bc5 88. Ng4 (88. Ne4 $15 Be7 89. Nf2) 88... Ke7 (88... Bd4 $1 $17) 89. Nxe5 Bxh3 90. Be4 $1 Ke6 91. Nd3 (91. Ng4 $1 $11 {keeps the balance.}) 91... Bf1 (91... Bg1 $17) 92. Bd5+ (92. Kc3 $15) 92... Kd6 $17 93. Be4 Bg1 94. Kc3 Be3 (94... Bh2 $17) 95. Nb2 (95. Bf5 $15) 95... Bf4 96. Nd3 Be5+ 97. Kc4 (97. Kd2 $142) 97... Bh3 {( -> ...Be6+)} 98. Bd5 Bf6 99. Bf7 Bg2 100. Bh5 Bg7 101. Bg4 Bh8 102. Bh5 Ba1 103. Bg4 Bg7 104. Bh5 Bh8 105. Bg4 Bf6 106. Bh5 $1 Bf1 107. Bg6 Be2 108. Bh5 $2 (108. Be4 $17 {is the only way for White.}) 108... Bh8 109. Bg4 Bg7 110. Bh5 Bf6 111. Bg4 Bh8 112. Bh5 Bf6 113. Bg4 Bd1 114. Bh5 Bxa4 115. f4 gxf4 116. Nxf4 {[#]} Bd8 $2 (116... Bc2 $1 $19 {Strongly threatening ...Bh7.} 117. Nd5 Bd8) 117. Nd3 (117. Bg6 $1 $15) 117... Bc2 118. Kc3 Bb1 {aiming for ...Bf6+.} 119. Bg6 {[#]} (119. Bd1 $17) 119... Ba2 $1 $19 120. Kd4 $2 {Precision: White = 51%, Black = 56%.} (120. Nf2) 0-1

[Event "Gideon Japhet ACP Open 2018"]
[Site "Jerusalem"]
[Date "2018.07.02"]
[Round "3"]
[White "Gleizer, Mark"]
[Black "Oratovsky, Michael"]
[Result "0-1"]
[WhiteElo "2161"]
[BlackElo "2461"]
[Annotator "ChessBase"]
[PlyCount "76"]
[EventDate "2018.07.01"]
[EventType "swiss"]
[EventCountry "ISR"]
[SourceTitle "playchess.com"]
[Source "ChessBase"]
[SourceQuality "1"]
[TimeControl "40/5400+30:1800+30"]

1. d4 {[%emt 0:00:00]} d6 {[%emt 0:00:00]} 2. e4 {[%emt 0:00:33]} Nf6 3. f3 {[%emt 0:00:47]} d5 {[%emt 0:01:10]} 4. e5 {[%emt 0:01:13]} Nfd7 {[%emt 0:00:14]} 5. e6 {[%emt 0:01:34]} fxe6 {[%emt 0:01:21]} 6. f4 {[%emt 0:00:18]} c5 {[%emt 0:09:32]} 7. c3 {[%emt 0:01:54]} cxd4 {[%emt 0:16:07]} 8. cxd4 {[%emt 0:00:16]} g6 {[%emt 0:07:09]} 9. Nf3 {[%emt 0:06:21]} Bg7 {[%emt 0:00:13]} 10. h4 {[%emt 0:07:13]} Nc6 {[%emt 0:08:12]} 11. h5 {[%emt 0:06:04]} Qb6 {[%emt 0:01:44]} 12. hxg6 {[%emt 0:06:57]} hxg6 {[%emt 0:02:38]} 13. Rxh8+ {[%emt 0:00:17]} Bxh8 {[%emt 0:00:05]} 14. Bd3 {[%emt 0:01:39]} Nf8 {[%emt 0:05:53]} 15. Be3 {[%emt 0:05:45]} Qxb2 {[%emt 0:14:46]} 16. Nbd2 {[%emt 0:02:49]} Qc3 {[%emt 0:13:09]} 17. Ke2 {[%emt 0:00:46]} Nb4 {[%emt 0:00:52]} 18. Bb5+ {[%emt 0:01:18]} Bd7 {[%emt 0:00:19]} 19. Bxd7+ {[%emt 0:01:21]} Nxd7 {[%emt 0:00:11]} 20. Rb1 {[%emt 0:00:40]} Qd3+ {[%emt 0:10:57]} 21. Kf2 {[%emt 0:00:10]} Nc6 {[%emt 0:00:15]} 22. Rb3 {[%emt 0:05:47]} Qa6 {[%emt 0:02:52]} 23. Qb1 {[%emt 0:03:43]} O-O-O {[%emt 0:00:25]} 24. Rb2 {[%emt 0:01:38]} g5 {[%emt 0:00:56]} 25. Nb3 {[%emt 0:02:44]} gxf4 {[%emt 0:02:08]} 26. Bxf4 {[%emt 0:00:07]} Rf8 {[%emt 0:01:11]} 27. Qc1 {[%emt 0:02:56]} Qd3 {[%emt 0:00:39]} 28. Re2 {[%emt 0:11:39]} Qf5 {[%emt 0:00:26]} 29. g3 {[%emt 0:00:28]} e5 {[%emt 0:00:30]} 30. dxe5 {[%emt 0:00:37]} Ndxe5 {[%emt 0:00:14]} 31. Ne1 {[%emt 0:08:03]} Ng6 {[%emt 0:00:43]} 32. Rc2 {[%emt 0:02:48]} Nxf4 {[%emt 0:00:35]} 33. Rxc6+ {[%emt 0:00:23]} Kb8 {[%emt 0:00:24]} 34. gxf4 {[%emt 0:02:26]} bxc6 {[%emt 0:00:12]} 35. Ng2 {[%emt 0:00:52]} Qf6 {[%emt 0:00:47]} 36. Qc5 {[%emt 0:01:31]} Qb2+ {[%emt 0:00:36]} 37. Kg1 {[%emt 0:00:25]} Rg8 {[%emt 0:00:27]} 38. Qb4+ {[%emt 0:02:24]} Kc8 {[%emt 0:00:28]} 0-1

[Event "Gideon Japhet ACP Open 2018"]
[Site "Jerusalem"]
[Date "2018.07.02"]
[Round "3"]
[White "Bronfman, Shmuel"]
[Black "Erenberg, Ariel"]
[Result "0-1"]
[WhiteElo "2108"]
[BlackElo "2393"]
[Annotator "NA"]
[PlyCount "90"]
[EventDate "2018.07.01"]
[EventType "swiss"]
[EventCountry "ISR"]
[SourceTitle "playchess.com"]
[Source "ChessBase"]
[SourceQuality "1"]
[TimeControl "40/5400+30:1800+30"]

1. d4 {[%emt 0:00:00]} d5 {[%emt 0:00:00]} 2. c4 {[%emt 0:00:00]} dxc4 {[%emt 0:00:00]} 3. e3 {[%emt 0:00:03]} Nf6 {[%emt 0:01:15]} 4. Bxc4 {[%emt 0:00:18]} a6 {[%emt 0:00:12]} 5. Nf3 {[%emt 0:00:19]} e6 {[%emt 0:01:30]} 6. O-O {[%emt 0:00:57]} c5 {[%emt 0:00:37]} 7. Qe2 {[%emt 0:01:07]} b5 {[%emt 0:00:06]} 8. Bb3 {[%emt 0:00:08]} Bb7 {[%emt 0:00:08]} 9. a4 {[%emt 0:00:33]} Nbd7 {[%emt 0:01:17]} 10. Rd1 {[%emt 0:02:36]} c4 {[%emt 0:04:55]} 11. Bc2 {[%emt 0:00:15]} Be7 {[%emt 0:00:22]} 12. e4 {[%emt 0:06:10]} O-O {[%emt 0:01:08]} 13. Nbd2 {[%emt 0:10:04]} Qc7 {[%emt 0:06:26]} 14. e5 {[%emt 0:02:20]} Nd5 {[%emt 0:00:58]} 15. Ne4 {[%emt 0:01:12]} h6 {[%emt 0:02:01]} 16. Ng3 {[%emt 0:03:26]} Rfc8 {[%emt 0:04:21]} 17. Qe4 {[%emt 0:06:44]} Nf8 {[%emt 0:07:39]} 18. Qg4 {[%emt 0:01:06]} f5 {[%emt 0:02:50]} 19. Bxf5 {[%emt 0:16:10]} exf5 {[%emt 0:01:49]} 20. Nxf5 {[%emt 0:00:18]} g6 {[%emt 0:03:03]} 21. Nxh6+ {[%emt 0:04:38]} Kh7 {[%emt 0:07:33]} 22. Re1 {[%emt 0:10:39]} c3 {[%emt 0:05:13]} 23. bxc3 {[%emt 0:06:38]} Qxc3 {[%emt 0:00:42]} 24. Bd2 {[%emt 0:00:13]} Qc2 {[%emt 0:01:34]} 25. Rac1 {[%emt 0:07:12]} Qd3 {[%emt 0:05:55]} 26. Qh3 {[%emt 0:09:24]} Kg7 {[%emt 0:05:21]} 27. Ng4 {[%emt 0:03:50]} Rxc1 {[%emt 0:01:17]} 28. Bxc1 {[%emt 0:00:38]} Bc8 {[%emt 0:03:42]} 29. Bh6+ {[%emt 0:00:32]} Kg8 {[%emt 0:01:07]} 30. Bxf8 {[%emt 0:00:22]} Bxf8 {[%emt 0:01:22]} 31. e6 {[%emt 0:00:27]} Ra7 {[%emt 0:06:11]} 32. Qg3 {[%emt 0:05:01]} Qf5 {[%emt 0:04:09]} 33. Nge5 {[%emt 0:01:29]} Rg7 {[%emt 0:03:18]} 34. Nf7 {[%emt 0:00:21]} Qf4 {[%emt 0:01:11]} 35. N7g5 {[%emt 0:00:55]} Qxg3 {[%emt 0:01:49]} 36. hxg3 {[%emt 0:00:02]} bxa4 {[%emt 0:00:30]} 37. Ne5 {[%emt 0:00:18]} Bb4 {[%emt 0:01:45]} 38. Rc1 {[%emt 0:00:30]} Rc7 {[%emt 0:01:18]} 39. Ra1 {[%emt 0:00:33]} a3 {[%emt 0:00:34]} 40. Nd3 {[%emt 0:00:31]} a5 {[%emt 0:02:14]} 41. Nc5 {[%emt 0:04:41]} Nc3 {[%emt 0:01:56]} 42. f4 {[%emt 0:00:13]} Ne2+ {[%emt 0:01:49]} 43. Kf2 {[%emt 0:00:06]} Nxd4 {[%emt 0:00:05]} 44. Nce4 {[%emt 0:00:12]} Nxe6 {[%emt 0:01:47]} 45. Nf6+ {[%emt 0:00:26]} Kf8 {[%emt 0:00:44]} 0-1

[Event "Gideon Japhet ACP Open 2018"]
[Site "Jerusalem"]
[Date "2018.07.02"]
[Round "3"]
[White "Ben Ari, Yannay"]
[Black "Gruenfeld, Yehuda"]
[Result "0-1"]
[WhiteElo "2069"]
[BlackElo "2419"]
[Annotator "NA"]
[PlyCount "100"]
[EventDate "2018.07.01"]
[EventType "swiss"]
[EventCountry "ISR"]
[SourceTitle "playchess.com"]
[Source "ChessBase"]
[SourceQuality "1"]
[TimeControl "40/5400+30:1800+30"]

1. e4 {[%emt 0:00:00]} c5 {[%emt 0:10:47]} 2. Nc3 {[%emt 0:00:00]} e6 {[%emt 0:00:12]} 3. g3 {[%emt 0:00:08]} Nc6 {[%emt 0:00:04]} 4. Bg2 {[%emt 0:00:09]} Nf6 {[%emt 0:00:06]} 5. Nge2 {[%emt 0:00:09]} d5 {[%emt 0:00:05]} 6. exd5 {[%emt 0:00:24]} exd5 {[%emt 0:00:04]} 7. d4 {[%emt 0:00:12]} cxd4 {[%emt 0:00:05]} 8. Nxd4 {[%emt 0:00:08]} Bg4 {[%emt 0:00:04]} 9. f3 {[%emt 0:03:12]} Bd7 {[%emt 0:02:00]} 10. O-O {[%emt 0:00:56]} Be7 {[%emt 0:02:34]} 11. Be3 {[%emt 0:09:19]} O-O {[%emt 0:00:27]} 12. Kh1 {[%emt 0:00:57]} Re8 {[%emt 0:00:25]} 13. Bg1 {[%emt 0:11:00]} Bb4 {[%emt 0:04:15]} 14. Nce2 {[%emt 0:06:37]} Ne5 {[%emt 0:01:21]} 15. b3 {[%emt 0:05:53]} Rc8 {[%emt 0:00:47]} 16. f4 {[%emt 0:00:36]} Neg4 {[%emt 0:01:00]} 17. Qd3 {[%emt 0:01:32]} Ne4 {[%emt 0:00:51]} 18. h3 {[%emt 0:00:30]} Ngf6 {[%emt 0:00:14]} 19. g4 {[%emt 0:01:22]} Nc3 {[%emt 0:11:27]} 20. a3 {[%emt 0:04:15]} Ba5 {[%emt 0:05:42]} 21. b4 {[%emt 0:07:45]} Nxe2 {[%emt 0:02:28]} 22. Nxe2 {[%emt 0:00:07]} Bb6 {[%emt 0:00:14]} 23. Nc3 {[%emt 0:08:32]} Bxg1 {[%emt 0:03:43]} 24. Rxg1 {[%emt 0:02:09]} Nxg4 {[%emt 0:03:17]} 25. hxg4 {[%emt 0:02:41]} Qh4+ {[%emt 0:00:31]} 26. Bh3 {[%emt 0:00:22]} d4 {[%emt 0:00:04]} 27. Qg3 {[%emt 0:06:22]} Qxg3 {[%emt 0:05:41]} 28. Rxg3 {[%emt 0:00:13]} dxc3 {[%emt 0:03:26]} 29. Rd1 {[%emt 0:02:34]} Bb5 {[%emt 0:04:31]} 30. Kg1 {[%emt 0:10:23]} Kf8 {[%emt 0:08:12]} 31. Bf1 {[%emt 0:10:13]} Bxf1 {[%emt 0:09:35]} 32. Kxf1 {[%emt 0:00:03]} Re4 {[%emt 0:00:29]} 33. f5 {[%emt 0:00:47]} h5 {[%emt 0:03:37]} 34. gxh5 {[%emt 0:02:15]} Rf4+ {[%emt 0:00:05]} 35. Kg2 {[%emt 0:00:38]} Rxf5 {[%emt 0:00:02]} 36. Rdd3 {[%emt 0:01:08]} Rxh5 {[%emt 0:05:46]} 37. Rxc3 {[%emt 0:00:04]} Rxc3 {[%emt 0:00:17]} 38. Rxc3 {[%emt 0:00:03]} Rd5 {[%emt 0:00:52]} 39. Rc7 {[%emt 0:01:44]} b5 {[%emt 0:00:07]} 40. Kf3 {[%emt 0:00:22]} a6 {[%emt 0:00:28]} 41. Rc6 {[%emt 0:31:55]} Rd2 {[%emt 0:30:29]} 42. Ke3 {[%emt 0:00:00]} Rh2 {[%emt 0:00:00]} 43. Rxa6 {[%emt 0:00:00]} Rxc2 {[%emt 0:00:00]} 44. Ra5 {[%emt 0:00:00]} g6 {[%emt 0:00:00]} 45. Kf4 {[%emt 0:00:00]} Rc3 {[%emt 0:00:00]} 46. Rxb5 {[%emt 0:00:00]} Rxa3 {[%emt 0:00:00]} 47. Rb7 {[%emt 0:00:00]} Kg7 {[%emt 0:00:00]} 48. Kg5 {[%emt 0:00:00]} Re3 {[%emt 0:00:00]} 49. b5 {[%emt 0:00:00]} Re4 {[%emt 0:00:00]} 50. b6 {[%emt 0:03:30]} Rb4 {[%emt 0:00:00]} 0-1